ბათუმის შოთა რუსთაველის სახელმწიფო უნივერსიტეტის ბიბლიოთეკა

Public papers of the presidents of the United States Jimmy Carter 1980-81. book II (ბიბ.ჩანაწერი № 50846)

000 -LEADER
fixed length control field 01048nam a2200217Ia 4500
001 - CONTROL NUMBER
control field 17801
003 - CONTROL NUMBER IDENTIFIER
control field GE_BSU
005 - DATE AND TIME OF LATEST TRANSACTION
control field 20200224150136.0
008 - FIXED-LENGTH DATA ELEMENTS--GENERAL INFORMATION
fixed length control field 181216s1982en xx |||||||||||||| ||eng||
040 ## - CATALOGING SOURCE
Transcribing agency GE_BSU
041 ## - LANGUAGE CODE
Language code of text/sound track or separate title eng
080 ## - UNIVERSAL DECIMAL CLASSIFICATION NUMBER
Universal Decimal Classification number 353.03(73) P-97
245 ## - TITLE STATEMENT
Title Public papers of the presidents of the United States Jimmy Carter 1980-81. book II
Remainder of title 1980-81 (in tree books). book II -May 24 to september 26, 1980
264 ## - PRODUCTION, PUBLICATION, DISTRIBUTION, MANUFACTURE, AND COPYRIGHT NOTICE
Place of production, publication, distribution, manufacture Washington :
Name of producer, publisher, distributor, manufacturer United States government printing office,
Date of production, publication, distribution, manufacture, or copyright notice 1982.
300 ## - PHYSICAL DESCRIPTION
Extent 1948 p.:
Other physical details ill ;
Dimensions 26 cm.
653 ## - INDEX TERM--UNCONTROLLED
keyword 1980-81 (in tree books). book II -May 24 to september 26, 1980
653 ## - INDEX TERM--UNCONTROLLED
keyword Public papers of the presidents of the United States Jimmy Carter 1980-81.
653 ## - INDEX TERM--UNCONTROLLED
keyword შეერთებული შტატების პრეზიდენტების ჯიმი კარტერის საჯარო ფურცლები
653 ## - INDEX TERM--UNCONTROLLED
keyword სახელმწიფო ადმინისტრაციული მმართველობა
942 ## - ADDED ENTRY ELEMENTS (KOHA)
Koha item type წიგნი
Source of classification or shelving scheme
ეგზემპლარები
Withdrawn status Lost status Source of classification or shelving scheme Damaged status Not for loan Permanent Location Current Location Shelving location Date acquired Full call number Barcode Date last seen Copy number Price effective from Koha item type
          ბათუმის შოთა რუსთაველის სახელმწიფო უნივერსიტეტის მთავარი ბიბლიოთეკა ბათუმის შოთა რუსთაველის სახელმწიფო უნივერსიტეტის მთავარი ბიბლიოთეკა წიგნსაცავი 2018-12-17 353.03(73) P-97 45681 2018-12-17 45681 2018-12-17 წიგნი